000 00343nam a2200145Ia 4500
003 OSt
005 20240409113338.0
008 170524s9999 xx 000 0 und d
020 _aNIL
040 _ciimt university, meerut
100 _aVEHASQUEI
245 0 _aBUSINESS INFORMATION TECHNOLOGY
260 _aTATA MC GRAW HILL
942 _2ddc
_c02
999 _c2048
_d2048